Sports Quiz

Random Sports or Basketball Quiz

NBA All-Quasars Quiz Stats

Quiz not verified by Sporcle

Challenge
Share
Tweet
Embed
Score 0/89 Timer 10:00
0 Plays Today
% Correct
Eric Williams
65.7%
Aaron Williams
65.7%
Marvin Williams
65.7%
Jason Williams
65.7%
Anthony Johnson
60%
Luis Scola
60%
Luis Scola
60%
Derek Fisher
57.1%
Bruce Bowen
55.7%
Bruce Bowen
55.7%
Damon Jones
52.9%
Jeff Green
51.4%
Jarrett Jack
51.4%
Jason Terry
48.6%
Jim Jackson
47.1%
Stephen Jackson
47.1%
Jim Jackson
47.1%
Aaron Brooks
47.1%
Aaron Brooks
47.1%
Kendrick Perkins
47.1%
Caron Butler
45.7%
Cliff Robinson
42.9%
Shannon Brown
41.4%
Anderson Varejao
38.6%
Paul Millsap
38.6%
Anderson Varejao
38.6%
Anderson Varejao
38.6%
Malik Rose
37.1%
Marcus Camby
37.1%
Luke Walton
32.9%
% Correct
Zach Randolph
30%
Shane Battier
30%
Trevor Ariza
30%
Robert Horry
27.1%
Brendan Haywood
27.1%
Brendan Haywood
27.1%
Tony Battie
25.7%
Hedo Turkoglu
25.7%
Raja Bell
24.3%
Udonis Haslem
24.3%
Al Harrington
22.9%
James Posey
21.4%
James Posey
21.4%
Matt Bonner
21.4%
Antonio Daniels
20%
Antonio Daniels
20%
Arron Afflalo
20%
Jon Barry
18.6%
Brent Barry
18.6%
Anthony Carter
18.6%
Rasho Nesterovic
15.7%
Eddie House
15.7%
Kyle Korver
15.7%
Roger Mason Jr
15.7%
Adrian Griffin
14.3%
Brandon Bass
14.3%
Carl Landry
14.3%
Keith Van Horn
12.9%
Joel Przybilla
12.9%
Shawn Bradley
11.4%
% Correct
Jason Maxiell
11.4%
Anfernee Hardaway
10%
Morris Peterson
10%
Eduardo Najera
8.6%
Keon Clark
8.6%
Matt Harpring
8.6%
Andres Nocioni
8.6%
Eduardo Najera
8.6%
Matt Harpring
8.6%
Andres Nocioni
8.6%
Chris Mihm
7.1%
Speedy Claxton
7.1%
Scott Pollard
5.7%
Toni Kukoc
5.7%
Linas Kleiza
5.7%
Linas Kleiza
5.7%
Jerryd Bayless
5.7%
Gary Trent
4.3%
Todd MacCulloch
4.3%
Bob Sura
4.3%
Quinton Ross
4.3%
Ronny Turiaf
4.3%
Ronny Turiaf
4.3%
Kelvin Cato
2.9%
Dan Gadzuric
2.9%
Luther Head
2.9%
Darius Songaila
1.4%
Robert Traylor
1.4%
Ime Udoka
1.4%

You're not logged in!

Compare scores with friends on all Sporcle quizzes.
Join for Free
OR
Log In

You Might Also Like...

Show Comments

Extras

Top Quizzes Today


Score Distribution

Your Account Isn't Verified!

In order to create a playlist on Sporcle, you need to verify the email address you used during registration. Go to your Sporcle Settings to finish the process.

Report this User

Report this user for behavior that violates our Community Guidelines.

Details: